000
00222 a2200097 4500
001
29870
100
_a
Theraja
245
_a
Advanced problems in electrical technology
260
_a
_b
Chand & Co
_c
090
_c
19869
_d
19869
942
_a
NUST-CAE
_c
M
_c
10967
999
_c
264943
_d
264943